000 00308nam a2200133Ia 4500
008 190216s9999||||xx |||||||||||||| ||und||
100 _aWright.W
245 0 _aGrammer Of Arabic Language
250 _a3rd Ed.
260 _bCambridge Uty Press
_c1977
300 _a450
650 _aArabic Grammer
942 _cBK
999 _c244
_d244